[Event "MARIENBAD OPEN 2020 - A, B - closed tournaments"]
[Site "?"]
[Date "2020.01.24"]
[Round "2"]
[White "Baenziger, Fabian"]
[Black "Plat, Vojtech"]
[Result "1-0"]
[BlackElo "2589"]
[WhiteElo "2412"]
[LiveChessVersion "1.4.8"]

1. d4 {[%clk 1:30:51]} d6 {[%clk 1:31:06]} 2. Nf3 {[%clk 1:31:01]} Bg4
{[%clk 1:31:21]} 3. e4 {[%clk 1:30:40]} Nf6 {[%clk 1:31:47]} 4. Nc3 c6 5. h3
{[%clk 1:29:15]} Bxf3 {[%clk 1:30:44]} 6. Qxf3 {[%clk 1:27:49]} Qb6
{[%clk 1:30:36]} 7. Qd3 {[%clk 1:18:50]} e6 {[%clk 1:29:21]} 8. Bg5
{[%clk 1:15:47]} Nbd7 {[%clk 1:26:23]} 9. O-O-O {[%clk 1:13:24]} d5
{[%clk 1:26:01]} 10. e5 {[%clk 1:07:56]} Ng8 {[%clk 1:23:37]} 11. g4
{[%clk 1:06:20]} Ne7 {[%clk 1:17:43]} 12. f4 {[%clk 1:03:57]} c5 {[%clk 1:18:09]}
13. dxc5 {[%clk 1:00:26]} Nxc5 {[%clk 1:17:30]} 14. Qf3 {[%clk 0:42:56]} Nc6
{[%clk 1:12:10]} 15. Rh2 {[%clk 0:30:17]} a6 {[%clk 1:06:15]} 16. Rhd2
{[%clk 0:25:08]} d4 {[%clk 1:02:52]} 17. Ne4 {[%clk 0:23:51]} Nxe4
{[%clk 1:00:52]} 18. Qxe4 {[%clk 0:24:16]} Bc5 {[%clk 0:56:29]} 19. Bg2
{[%clk 0:17:06]} Rc8 {[%clk 0:54:58]} 20. a3 {[%clk 0:14:49]} O-O
{[%clk 0:47:08]} 21. Qd3 {[%clk 0:13:46]} Na5 {[%clk 0:43:42]} 22. Be4
{[%clk 0:13:06]} h6 {[%clk 0:41:10]} 23. Bh4 {[%clk 0:13:05]} Rfe8
{[%clk 0:41:36]} 24. Kb1 {[%clk 0:05:57]} Bf8 {[%clk 0:36:30]} 25. Qxd4
{[%clk 0:06:13]} Bc5 {[%clk 0:36:56]} 26. Qa4 {[%clk 0:05:07]} g5
{[%clk 0:18:59]} 27. fxg5 {[%clk 0:04:34]} Be3 {[%clk 0:18:58]} 28. g6
{[%clk 0:03:09]} fxg6 {[%clk 0:17:42]} 29. Rd6 {[%clk 0:03:21]} Qc5
{[%clk 0:16:19]} 30. Bxg6 {[%clk 0:02:16]} Qxe5 {[%clk 0:12:43]} 31. Qd7
{[%clk 0:02:09]} 1-0

[Event "MARIENBAD OPEN 2020 - A, B - closed tournaments"]
[Site "?"]
[Date "2020.01.24"]
[Round "2"]
[White "Bracker, Arne"]
[Black "Siddharth, Jagadeesh"]
[Result "1-0"]
[BlackElo "2301"]
[WhiteElo "2243"]
[LiveChessVersion "1.4.8"]

1. e4 {[%clk 1:30:56]} c5 {[%clk 1:30:55]} 2. Nf3 {[%clk 1:31:17]} Nc6
{[%clk 1:31:20]} 3. Bb5 {[%clk 1:31:29]} g6 {[%clk 1:31:45]} 4. O-O
{[%clk 1:31:41]} Bg7 {[%clk 1:32:12]} 5. c3 {[%clk 1:30:52]} Nf6 {[%clk 1:32:36]}
6. Re1 {[%clk 1:31:09]} O-O {[%clk 1:32:59]} 7. d4 {[%clk 1:31:02]} d5
{[%clk 1:33:24]} 8. e5 {[%clk 1:31:19]} Ne4 {[%clk 1:33:49]} 9. Bxc6
{[%clk 1:30:52]} bxc6 {[%clk 1:34:13]} 10. Be3 {[%clk 1:30:56]} f6
{[%clk 1:23:35]} 11. exf6 {[%clk 1:25:23]} Bxf6 {[%clk 1:22:39]} 12. Bh6
{[%clk 1:17:29]} Rf7 {[%clk 1:21:01]} 13. Nbd2 {[%clk 1:14:06]} cxd4
{[%clk 0:57:16]} 14. cxd4 {[%clk 1:02:13]} c5 {[%clk 0:41:26]} 15. Nxe4
{[%clk 0:50:46]} dxe4 {[%clk 0:41:38]} 16. Ne5 {[%clk 0:51:02]} cxd4
{[%clk 0:39:22]} 17. Nxf7 {[%clk 0:39:41]} Kxf7 {[%clk 0:39:51]} 18. Rxe4
{[%clk 0:39:20]} Qd5 {[%clk 0:38:55]} 19. Qf3 {[%clk 0:26:00]} Bb7
{[%clk 0:34:44]} 20. Rae1 {[%clk 0:26:09]} Re8 {[%clk 0:34:09]} 21. g4
{[%clk 0:24:34]} g5 {[%clk 0:25:49]} 22. h4 {[%clk 0:21:16]} Kg8 {[%clk 0:15:57]}
23. hxg5 {[%clk 0:11:21]} Bxg5 {[%clk 0:12:44]} 24. Bxg5 {[%clk 0:06:04]} Qxg5
{[%clk 0:13:12]} 25. Qf4 {[%clk 0:04:40]} Qh4 {[%clk 0:11:32]} 26. g5
{[%clk 0:04:20]} Qh5 {[%clk 0:12:01]} 27. Qg4 {[%clk 0:04:27]} Qxg4+
{[%clk 0:10:22]} 28. Rxg4 Rd8 29. Rd1 {[%clk 0:04:22]} e5 {[%clk 0:10:41]} 30.
Rd2 {[%clk 0:03:54]} Rc8 {[%clk 0:10:14]} 31. Kh2 {[%clk 0:03:51]} Rc1
{[%clk 0:09:48]} 32. Rg1 {[%clk 0:04:11]} Rc5 {[%clk 0:08:43]} 33. Kg3
{[%clk 0:04:08]} Ra5 {[%clk 0:06:38]} 34. f4 {[%clk 0:03:15]} exf4+
{[%clk 0:06:08]} 35. Kxf4 {[%clk 0:03:44]} Rxa2 {[%clk 0:06:36]} 36. Rc1
{[%clk 0:03:36]} Ra4 {[%clk 0:05:16]} 37. Rc7 {[%clk 0:03:18]} d3+
{[%clk 0:04:30]} 38. Ke3 {[%clk 0:03:12]} Be4 {[%clk 0:00:42]} 39. b3
{[%clk 0:03:34]} Rb4 {[%clk 0:01:11]} 40. Rc4 {[%clk 0:03:42]} Rxc4
{[%clk 0:01:40]} 41. bxc4 {[%clk 0:04:03]} Bf5 {[%clk 0:01:05]} 42. Ra2
{[%clk 0:03:06]} Kf7 {[%clk 0:24:49]} 43. Rxa7+ {[%clk 0:30:40]} Ke6
{[%clk 0:25:07]} 44. Ra6+ {[%clk 0:28:40]} Ke5 {[%clk 0:23:53]} 45. Ra5+
{[%clk 0:27:47]} Ke6 {[%clk 0:24:02]} 46. Rd5 {[%clk 0:25:03]} Bg6
{[%clk 0:23:46]} 47. Kf4 {[%clk 0:24:26]} Ke7 {[%clk 0:22:47]} 48. c5
{[%clk 0:24:35]} Ke6 {[%clk 0:22:19]} 49. Rd6+ {[%clk 0:24:13]} Ke7
{[%clk 0:22:48]} 50. Rd4 {[%clk 0:24:31]} Ke6 {[%clk 0:22:17]} 51. c6
{[%clk 0:24:07]} Be8 {[%clk 0:22:46]} 52. c7 {[%clk 0:24:22]} Bd7
{[%clk 0:23:15]} 53. Rxd3 {[%clk 0:24:19]} Ke7 {[%clk 0:23:42]} 54. Ke5
{[%clk 0:24:19]} Ke8 {[%clk 0:24:05]} 55. Kf6 {[%clk 0:24:12]} h5
{[%clk 0:24:29]} 56. gxh6 {[%clk 0:24:17]} Bg4 {[%clk 0:24:50]} 57. Rd8# 1-0

[Event "MARIENBAD OPEN 2020 - A, B - closed tournaments"]
[Site "?"]
[Date "2020.01.24"]
[Round "2"]
[White "Makarian, Rudik"]
[Black "Swicarz, Maciej"]
[Result "1-0"]
[BlackElo "2357"]
[WhiteElo "2403"]
[LiveChessVersion "1.4.8"]

1. d4 {[%clk 1:30:58]} Nf6 {[%clk 1:30:42]} 2. c4 {[%clk 1:31:14]} g6
{[%clk 1:29:17]} 3. g3 {[%clk 1:31:41]} Bg7 {[%clk 1:29:06]} 4. Bg2
{[%clk 1:32:08]} d5 {[%clk 1:28:35]} 5. cxd5 {[%clk 1:32:34]} Nxd5
{[%clk 1:28:59]} 6. e4 {[%clk 1:32:35]} Nb6 {[%clk 1:29:24]} 7. Ne2
{[%clk 1:32:58]} c5 {[%clk 1:26:54]} 8. d5 {[%clk 1:32:55]} e6 {[%clk 1:24:36]}
9. O-O {[%clk 1:32:53]} O-O {[%clk 1:21:33]} 10. Nbc3 {[%clk 1:33:09]} exd5
{[%clk 1:20:12]} 11. exd5 {[%clk 1:33:34]} Nc4 {[%clk 1:17:36]} 12. Ne4
{[%clk 1:22:16]} Na6 {[%clk 1:13:14]} 13. Qc2 {[%clk 1:13:22]} Nb6
{[%clk 1:03:54]} 14. Bg5 {[%clk 1:03:00]} f6 {[%clk 1:03:53]} 15. Bf4
{[%clk 1:03:26]} Bg4 {[%clk 0:52:07]} 16. h3 {[%clk 0:45:56]} Nb4
{[%clk 0:46:22]} 17. Qxc5 {[%clk 0:40:46]} Bxe2 {[%clk 0:34:59]} 18. Qxb4
{[%clk 0:41:14]} Bxf1 {[%clk 0:35:14]} 19. Rxf1 {[%clk 0:41:34]} Kh8
{[%clk 0:34:02]} 20. Rd1 {[%clk 0:40:45]} Re8 {[%clk 0:18:36]} 21. d6
{[%clk 0:38:46]} Nd7 {[%clk 0:16:50]} 22. Nc5 {[%clk 0:25:58]} Nxc5
{[%clk 0:16:35]} 23. Qxc5 {[%clk 0:25:43]} Qd7 {[%clk 0:16:54]} 24. Qc7
{[%clk 0:25:28]} Red8 {[%clk 0:11:22]} 25. Qxb7 {[%clk 0:15:06]} Qxb7
{[%clk 0:11:50]} 26. Bxb7 {[%clk 0:15:35]} Rab8 {[%clk 0:12:18]} 27. Bf3
{[%clk 0:14:11]} g5 {[%clk 0:10:17]} 28. Be3 {[%clk 0:14:30]} Rxb2
{[%clk 0:07:03]} 29. d7 {[%clk 0:12:24]} Rb5 {[%clk 0:00:59]} 30. Bc6
{[%clk 0:06:24]} Ra5 {[%clk 0:01:11]} 31. Bd2 {[%clk 0:04:18]} Re5
{[%clk 0:00:35]} 32. Bc3 {[%clk 0:04:11]} Rc5 {[%clk 0:00:42]} 33. Re1
{[%clk 0:04:18]} Re5 {[%clk 0:00:36]} 34. Bxe5 {[%clk 0:04:15]} fxe5
{[%clk 0:01:05]} 35. f4 {[%clk 0:04:17]} gxf4 {[%clk 0:01:09]} 36. gxf4
{[%clk 0:04:38]} Kg8 {[%clk 0:01:10]} 37. fxe5 {[%clk 0:02:28]} Kf7
{[%clk 0:01:39]} 38. e6+ {[%clk 0:02:13]} Ke7 {[%clk 0:02:08]} 39. Bd5
{[%clk 0:02:33]} Rf8 {[%clk 0:01:22]} 40. Re2 {[%clk 0:02:02]} Bd4+
{[%clk 0:00:50]} 41. Kg2 {[%clk 0:02:23]} Bc5 {[%clk 0:28:19]} 42. Rc2
{[%clk 0:30:54]} Bb6 {[%clk 0:26:41]} 43. Bb3 {[%clk 0:30:15]} Bd8
{[%clk 0:21:16]} 44. Rc5 {[%clk 0:30:28]} Rf6 {[%clk 0:14:23]} 45. Kg3
{[%clk 0:28:56]} Rg6+ {[%clk 0:13:07]} 46. Kf4 {[%clk 0:28:54]} Kd6
{[%clk 0:12:03]} 47. Rc8 {[%clk 0:22:56]} Ke7 {[%clk 0:12:21]} 48. Rc5
{[%clk 0:23:08]} Kd6 {[%clk 0:12:46]} 49. Rc8 {[%clk 0:23:29]} Ke7
{[%clk 0:13:14]} 50. Rc2 {[%clk 0:23:53]} Kd6 {[%clk 0:09:31]} 51. Rc3
{[%clk 0:23:09]} Ke7 {[%clk 0:08:37]} 52. Ke4 {[%clk 0:23:28]} Rh6
{[%clk 0:07:26]} 53. Kd4 {[%clk 0:21:34]} Ba5 {[%clk 0:06:18]} 54. Rg3
{[%clk 0:21:18]} Rg6 {[%clk 0:06:31]} 55. Rd3 {[%clk 0:21:39]} Bb6+
{[%clk 0:02:26]} 56. Kc3 {[%clk 0:21:55]} Ba5+ {[%clk 0:01:12]} 57. Kb2
{[%clk 0:22:17]} Bd8 {[%clk 0:01:20]} 58. Bc4 {[%clk 0:22:40]} Rf6
{[%clk 0:01:21]} 59. Kb3 {[%clk 0:23:04]} Rh6 {[%clk 0:01:02]} 60. Ka4
{[%clk 0:23:02]} Rh4 {[%clk 0:00:55]} 61. Kb5 {[%clk 0:23:21]} Bc7
{[%clk 0:00:44]} 62. Bd5 {[%clk 0:23:30]} Rh6 {[%clk 0:00:41]} 63. Kc6
{[%clk 0:23:53]} Bb6 {[%clk 0:00:51]} 64. Kb7 {[%clk 0:24:16]} Rf6
{[%clk 0:00:40]} 65. Bb3 {[%clk 0:24:25]} Bd8 {[%clk 0:00:47]} 66. Kxa7
{[%clk 0:24:48]} 1-0

[Event "MARIENBAD OPEN 2020 - A, B - closed tournaments"]
[Site "?"]
[Date "2020.01.24"]
[Round "2"]
[White "Dev, Shah"]
[Black "Quesada Perez, Luis Ernesto"]
[Result "0-1"]
[BlackElo "2491"]
[WhiteElo "2320"]
[LiveChessVersion "1.4.8"]

1. d4 {[%clk 1:30:04]} Nf6 {[%clk 1:30:52]} 2. c4 {[%clk 1:30:27]} e6
{[%clk 1:31:17]} 3. Nc3 {[%clk 1:30:51]} Bb4 {[%clk 1:31:40]} 4. e3
{[%clk 1:30:46]} b6 {[%clk 1:31:28]} 5. Bd3 {[%clk 1:28:23]} Bb7 {[%clk 1:31:45]}
6. Nf3 {[%clk 1:28:42]} O-O {[%clk 1:32:04]} 7. O-O {[%clk 1:28:28]} d5
{[%clk 1:32:28]} 8. cxd5 {[%clk 1:27:40]} exd5 {[%clk 1:32:52]} 9. Ne5
{[%clk 1:27:17]} Bd6 {[%clk 1:32:05]} 10. f4 {[%clk 1:27:37]} c5 {[%clk 1:32:22]}
11. Bd2 {[%clk 1:22:10]} Nc6 {[%clk 1:32:28]} 12. Ne2 {[%clk 1:14:48]} cxd4
{[%clk 1:32:06]} 13. Nxc6 {[%clk 1:12:16]} Bxc6 {[%clk 1:32:36]} 14. Nxd4
{[%clk 1:12:28]} Bd7 {[%clk 1:33:05]} 15. h3 {[%clk 1:04:39]} Re8
{[%clk 1:26:07]} 16. b4 {[%clk 1:00:00]} Qe7 {[%clk 1:25:19]} 17. Qb3
{[%clk 0:55:41]} Ne4 {[%clk 1:25:36]} 18. Be1 {[%clk 0:48:04]} a5
{[%clk 1:21:03]} 19. Qxd5 {[%clk 0:46:16]} Nf6 {[%clk 1:21:10]} 20. Qf3
{[%clk 0:46:36]} axb4 {[%clk 1:18:06]} 21. Bf2 {[%clk 0:38:22]} Bc5
{[%clk 1:14:24]} 22. Rfe1 {[%clk 0:28:55]} Ne4 {[%clk 1:14:22]} 23. Bxe4
{[%clk 0:27:13]} Qxe4 {[%clk 1:13:11]} 24. Qxe4 {[%clk 0:24:56]} Rxe4
{[%clk 1:13:36]} 25. Nf3 {[%clk 0:25:00]} h5 {[%clk 1:08:39]} 26. Nd2
{[%clk 0:23:32]} Ree8 {[%clk 0:48:26]} 27. e4 {[%clk 0:22:34]} Be6
{[%clk 0:48:13]} 28. Nb3 {[%clk 0:18:24]} Bxb3 {[%clk 0:46:24]} 29. axb3
{[%clk 0:18:29]} Rxa1 {[%clk 0:46:51]} 30. Rxa1 {[%clk 0:18:45]} Rxe4
{[%clk 0:47:13]} 31. Bxc5 {[%clk 0:18:43]} bxc5 {[%clk 0:47:42]} 32. Rc1
{[%clk 0:17:59]} Rxf4 {[%clk 0:47:59]} 33. Rxc5 {[%clk 0:18:12]} h4
{[%clk 0:48:25]} 34. Rb5 {[%clk 0:18:04]} f6 {[%clk 0:48:43]} 35. Rb7
{[%clk 0:17:01]} Kh7 {[%clk 0:48:43]} 36. Rb5 {[%clk 0:16:48]} g5
{[%clk 0:47:55]} 37. Rb7+ {[%clk 0:15:09]} Kg6 {[%clk 0:48:14]} 38. Rb5
{[%clk 0:15:30]} Kf7 {[%clk 0:47:26]} 39. Rb7+ {[%clk 0:14:14]} Ke6
{[%clk 0:47:46]} 40. Rb6+ {[%clk 0:14:35]} Kd5 {[%clk 0:48:02]} 41. Rb5+
{[%clk 0:14:42]} Kc6 {[%clk 0:48:18]} 42. Rb8 {[%clk 0:15:07]} Kc5
{[%clk 0:48:37]} 43. Rd8 {[%clk 0:11:05]} f5 {[%clk 0:47:06]} 44. Rd7
{[%clk 0:04:03]} g4 {[%clk 0:46:03]} 45. hxg4 {[%clk 0:04:04]} fxg4
{[%clk 0:46:33]} 46. Kh2 {[%clk 0:03:23]} Rf2 {[%clk 0:43:02]} 47. Rc7+
{[%clk 0:00:43]} Kd6 {[%clk 0:43:14]} 48. Rc4 {[%clk 0:00:43]} h3
{[%clk 0:43:34]} 49. Kh1 {[%clk 0:00:42]} Rxg2 {[%clk 0:43:57]} 50. Rxb4
{[%clk 0:28:50]} Ke5 {[%clk 1:13:28]} 51. Rc4 {[%clk 0:27:09]} Kf5
{[%clk 1:13:37]} 52. Rc5+ {[%clk 0:27:30]} Kf4 {[%clk 1:14:00]} 53. Rc4+
{[%clk 0:27:50]} Kg3 {[%clk 1:14:07]} 54. Rc3+ {[%clk 0:25:48]} Kh4
{[%clk 1:14:35]} 55. Rc4 {[%clk 0:24:52]} Rb2 {[%clk 1:14:23]} 56. b4
{[%clk 0:25:05]} h2 {[%clk 1:14:18]} 0-1

[Event "MARIENBAD OPEN 2020 - A, B - closed tournaments"]
[Site "?"]
[Date "2020.01.24"]
[Round "2"]
[White "Vagman, Roy"]
[Black "Grabarczyk, Miroslaw"]
[Result "0-1"]
[BlackElo "2366"]
[WhiteElo "2089"]
[LiveChessVersion "1.4.8"]

1. e4 {[%clk 1:30:48]} e5 {[%clk 1:30:16]} 2. Nf3 {[%clk 1:30:45]} Nc6
{[%clk 1:30:02]} 3. Nc3 {[%clk 1:30:19]} Nf6 {[%clk 1:29:33]} 4. Be2
{[%clk 1:29:48]} d6 {[%clk 1:24:43]} 5. O-O {[%clk 1:28:36]} Be7 {[%clk 1:24:51]}
6. d4 {[%clk 1:15:44]} O-O {[%clk 1:23:19]} 7. h3 {[%clk 1:12:59]} Bd7
{[%clk 1:17:36]} 8. Re1 {[%clk 1:11:39]} Re8 {[%clk 1:13:38]} 9. Bf1
{[%clk 1:09:02]} h6 {[%clk 1:12:42]} 10. dxe5 {[%clk 0:43:46]} Nxe5
{[%clk 1:06:48]} 11. Nxe5 {[%clk 0:43:45]} dxe5 {[%clk 1:07:06]} 12. Nd5
{[%clk 0:32:32]} Bc5 {[%clk 0:51:00]} 13. Nxf6+ {[%clk 0:24:47]} Qxf6
{[%clk 0:51:10]} 14. Be3 {[%clk 0:23:50]} Bxe3 {[%clk 0:50:21]} 15. Rxe3
{[%clk 0:24:04]} Red8 {[%clk 0:45:15]} 16. Qf3 {[%clk 0:16:53]} Qxf3
{[%clk 0:39:02]} 17. Rxf3 {[%clk 0:17:16]} Be6 {[%clk 0:39:02]} 18. Rc3
{[%clk 0:15:41]} c6 {[%clk 0:37:07]} 19. Rd3 {[%clk 0:11:43]} Rxd3
{[%clk 0:33:08]} 20. Bxd3 {[%clk 0:12:04]} c5 {[%clk 0:29:04]} 21. b3
{[%clk 0:09:00]} Rd8 {[%clk 0:24:48]} 22. Rd1 {[%clk 0:06:31]} b5
{[%clk 0:16:58]} 23. Be2 {[%clk 0:05:50]} Rxd1+ {[%clk 0:16:52]} 24. Bxd1
{[%clk 0:06:18]} f6 {[%clk 0:11:32]} 25. Kf1 {[%clk 0:06:11]} b4 {[%clk 0:11:45]}
26. Be2 {[%clk 0:05:40]} Kf8 {[%clk 0:12:02]} 27. Bb5 {[%clk 0:05:16]} f5
{[%clk 0:10:37]} 28. f3 {[%clk 0:04:15]} Ke7 {[%clk 0:09:08]} 29. Ke2
{[%clk 0:04:09]} Kd6 {[%clk 0:08:30]} 30. Kd3 {[%clk 0:01:55]} a5
{[%clk 0:08:07]} 31. g4 {[%clk 0:01:29]} fxg4 {[%clk 0:08:00]} 32. hxg4
{[%clk 0:01:30]} Bf7 {[%clk 0:07:00]} 33. Ke3 {[%clk 0:01:12]} Ke6
{[%clk 0:03:24]} 34. f4 {[%clk 0:00:36]} exf4+ {[%clk 0:03:37]} 35. Kxf4
{[%clk 0:01:03]} g5+ {[%clk 0:03:29]} 36. Ke3 {[%clk 0:01:27]} Ke5
{[%clk 0:03:38]} 37. Be2 {[%clk 0:01:05]} Bg6 {[%clk 0:03:20]} 38. Bf3
{[%clk 0:01:29]} Be8 {[%clk 0:03:35]} 39. Be2 {[%clk 0:01:50]} a4
{[%clk 0:02:39]} 40. Bf3 {[%clk 0:01:13]} a3 {[%clk 0:02:48]} 41. Be2
{[%clk 0:00:56]} Bc6 {[%clk 0:02:28]} 42. Bf3 {[%clk 0:29:54]} Bd7
{[%clk 0:32:10]} 43. Be2 {[%clk 0:29:51]} Be6 {[%clk 0:32:33]} 44. Kd3
{[%clk 0:24:26]} Bc8 {[%clk 0:27:24]} 45. Ke3 {[%clk 0:23:53]} Bb7
{[%clk 0:26:20]} 46. Bf3 {[%clk 0:23:49]} Bc6 {[%clk 0:24:35]} 47. Bg2
{[%clk 0:21:07]} Be8 {[%clk 0:24:46]} 48. Kd3 {[%clk 0:17:49]} Bd7
{[%clk 0:18:16]} 49. Bf3 {[%clk 0:15:15]} Kf4 {[%clk 0:18:36]} 50. Bh1
{[%clk 0:13:20]} Bb5+ {[%clk 0:18:58]} 51. c4 {[%clk 0:12:26]} Bd7
{[%clk 0:19:09]} 0-1

[Event "MARIENBAD OPEN 2020 - A, B - closed tournaments"]
[Site "?"]
[Date "2020.01.24"]
[Round "2"]
[White "Abhilash, Reddy M.L."]
[Black "Roesemann, Rainer"]
[Result "1-0"]
[BlackElo "2231"]
[WhiteElo "2258"]
[LiveChessVersion "1.4.8"]

1. d4 {[%clk 1:30:14]} Nf6 {[%clk 1:30:47]} 2. Nf3 {[%clk 1:30:37]} e6
{[%clk 1:31:08]} 3. c4 {[%clk 1:31:00]} b6 {[%clk 1:31:33]} 4. g3
{[%clk 1:31:17]} Ba6 {[%clk 1:31:53]} 5. Nbd2 {[%clk 1:31:39]} c6
{[%clk 1:28:56]} 6. Bg2 {[%clk 1:31:36]} d5 {[%clk 1:28:56]} 7. O-O
{[%clk 1:30:27]} Be7 {[%clk 1:28:15]} 8. Ne5 {[%clk 1:24:40]} Nfd7
{[%clk 1:23:47]} 9. Nxd7 {[%clk 1:14:31]} Nxd7 {[%clk 1:23:01]} 10. b3
{[%clk 1:14:52]} O-O {[%clk 1:22:04]} 11. Bb2 {[%clk 1:15:17]} Rc8
{[%clk 1:20:57]} 12. e4 {[%clk 1:03:17]} Nf6 {[%clk 1:00:57]} 13. Rc1
{[%clk 0:54:51]} Bb4 {[%clk 0:57:22]} 14. e5 {[%clk 0:48:10]} Nd7
{[%clk 0:56:59]} 15. Re1 {[%clk 0:45:32]} Qg5 {[%clk 0:47:31]} 16. Bc3
{[%clk 0:30:29]} Qe7 {[%clk 0:42:56]} 17. Bf1 {[%clk 0:26:32]} Bxc3
{[%clk 0:39:25]} 18. Rxc3 {[%clk 0:26:59]} Qb4 {[%clk 0:38:46]} 19. Nb1
{[%clk 0:24:55]} Bb7 {[%clk 0:37:05]} 20. cxd5 {[%clk 0:22:14]} cxd5
{[%clk 0:36:42]} 21. Ree3 {[%clk 0:20:24]} Nb8 {[%clk 0:36:20]} 22. a3
{[%clk 0:19:46]} Qe7 {[%clk 0:36:14]} 23. Qd2 {[%clk 0:18:50]} Nc6
{[%clk 0:32:40]} 24. Re1 {[%clk 0:14:59]} h6 {[%clk 0:26:30]} 25. Rec1
{[%clk 0:14:03]} Nb8 {[%clk 0:15:38]} 26. Rxc8 {[%clk 0:14:26]} Rxc8
{[%clk 0:15:37]} 27. Rxc8+ {[%clk 0:14:33]} Bxc8 {[%clk 0:15:59]} 28. Qc3
{[%clk 0:14:32]} Qd8 {[%clk 0:14:54]} 29. Nd2 {[%clk 0:13:03]} Ba6
{[%clk 0:14:26]} 30. Bxa6 {[%clk 0:09:00]} Nxa6 {[%clk 0:14:46]} 31. Qc6
{[%clk 0:08:09]} Qc7 {[%clk 0:14:21]} 32. Qe8+ {[%clk 0:08:01]} Kh7
{[%clk 0:14:35]} 33. Nf3 {[%clk 0:08:04]} Nb8 {[%clk 0:14:32]} 34. Kg2
{[%clk 0:06:01]} a5 {[%clk 0:11:53]} 35. h4 {[%clk 0:06:22]} Nc6 {[%clk 0:09:33]}
36. h5 {[%clk 0:06:30]} Nxd4 {[%clk 0:00:48]} 37. Nxd4 {[%clk 0:06:54]} Qxe5
{[%clk 0:01:11]} 38. Nf3 {[%clk 0:07:06]} Qxh5 {[%clk 0:00:57]} 39. Qb5
{[%clk 0:07:01]} Qf5 {[%clk 0:00:44]} 40. Qxb6 {[%clk 0:06:45]} Qd3
{[%clk 0:00:33]} 41. Qxa5 {[%clk 0:02:00]} Qxb3 {[%clk 0:28:06]} 42. Qb4
{[%clk 0:30:48]} Qd3 {[%clk 0:26:09]} 43. Ne5 {[%clk 0:16:33]} Qe2
{[%clk 0:25:09]} 44. Qd4 {[%clk 0:15:59]} Kg8 {[%clk 0:24:45]} 45. a4
{[%clk 0:15:35]} f6 {[%clk 0:24:32]} 46. Nd3 {[%clk 0:15:44]} Qa2
{[%clk 0:24:29]} 47. Nf4 {[%clk 0:15:58]} Kf7 {[%clk 0:07:09]} 48. Qa7+
{[%clk 0:16:17]} Ke8 {[%clk 0:07:19]} 49. Nxe6 {[%clk 0:15:10]} Qc4
{[%clk 0:07:04]} 50. Nxg7+ {[%clk 0:15:21]} Kf8 {[%clk 0:07:14]} 51. Ne6+
{[%clk 0:15:34]} Ke8 {[%clk 0:07:36]} 52. Nd4 {[%clk 0:11:56]} 1-0

[Event "MARIENBAD OPEN 2020 - A, B - closed tournaments"]
[Site "?"]
[Date "2020.01.24"]
[Round "2"]
[White "Stigar, Petter"]
[Black "Sernecki, Franciszek"]
[Result "1/2-1/2"]
[BlackElo "2204"]
[WhiteElo "2217"]
[LiveChessVersion "1.4.8"]

1. d4 {[%clk 1:30:57]} Nf6 {[%clk 1:30:46]} 2. Nf3 {[%clk 1:31:10]} e6
{[%clk 1:31:11]} 3. c4 {[%clk 1:31:16]} d5 {[%clk 1:31:36]} 4. g3
{[%clk 1:31:31]} dxc4 {[%clk 1:31:51]} 5. Bg2 {[%clk 1:31:53]} Bb4+
{[%clk 1:32:03]} 6. Bd2 {[%clk 1:30:15]} c5 {[%clk 1:31:29]} 7. Bxb4
{[%clk 1:30:31]} cxb4 {[%clk 1:31:36]} 8. Ne5 {[%clk 1:30:42]} O-O
{[%clk 1:30:26]} 9. a3 {[%clk 1:30:53]} Nd5 {[%clk 1:19:00]} 10. Nxc4
{[%clk 1:28:54]} b5 {[%clk 1:11:30]} 11. Ne5 {[%clk 1:27:18]} Bb7
{[%clk 1:09:52]} 12. O-O {[%clk 1:27:23]} bxa3 {[%clk 1:07:50]} 13. Nxa3
{[%clk 1:15:00]} a6 {[%clk 1:05:36]} 14. Qb3 {[%clk 1:09:52]} Nd7
{[%clk 0:54:48]} 15. Nac4 {[%clk 1:03:19]} bxc4 {[%clk 0:33:18]} 16. Qxb7
{[%clk 1:03:13]} Nxe5 {[%clk 0:33:39]} 17. dxe5 {[%clk 1:02:13]} Rb8
{[%clk 0:30:14]} 18. Qxa6 {[%clk 1:01:14]} Qc7 {[%clk 0:27:32]} 19. Rfc1
{[%clk 0:36:20]} Qxe5 {[%clk 0:22:39]} 20. Qxc4 {[%clk 0:33:58]} 1/2-1/2